000 00373nam a22001577a 4500
003 SGT
020 _a9786207484195
082 _a617.601
_bT25K
100 _aKhan, Aleena
245 _aThe Toothbrush time
260 _bLambert Academic Publishing
_c2025
650 _aPublic health dentistry
700 _aSikri, Prachi
700 _aTandon, Shourya
942 _2ddc
_cBK
999 _c34178
_d34178